=LDR 00000nam 2200000 4500 =001 INLIS000000000006062 =005 20200225090734 =035 ##$$a 0010-061300000006062 =041 ##$$a Ind =082 ##$$a 153 =090 ##$$a 153 Han a =100 1#$$a Hana, Attia Mahmoud =245 1#$$a Anda dan kemampuan anda /$c Attia Mahmoud Hana; Alih bahasa Zakiah Daradjat =260 ##$$a Jakarta :$b Bulan Bintang,$c 1996 =650 #4$$a Psikologi =700 #$$a Daradjat, Zakiah =850 ##$$a NBPNMAT =084 ##$$a 153 HAN a =250 ##$$a Cet.1 =300 ##$$a 74,hlm ; $c 14 x 20 cm =008 200225################g##########0#ind## =990 ##$$a DW00023238 =990 ##$$a DW00020662 =990 ##$$a DW00020663 =990 ##$$a DW00020662 =990 ##$$a DW00023238 =990 ##$$a DW00020663 =990 ##$$a DW00020663 =990 ##$$a DW00023238 =990 ##$$a DW00020662